Statistics for Songs about a person

Click here to take the quiz!

General Stats

  • This quiz has been taken 10 times
  • The average score is 6 of 18

Answer Stats

Hint Name % Correct
This man is the man with the midas touch.Auric Goldfinger
63%
This man was Russia's greatest love machine.Rasputin
63%
The wind cries this girl's name.Mary
63%
I saw the light on the night that I passed by this woman's window.Delilah
50%
Who's the black private dick that's a sex machine to all the chicks?Shaft
50%
The devil plays a fiddle contest in an attempt to win this man's soul.Johnny
38%
This girl walked like a woman and talked like a man.Lola
38%
I think they've got this girl's number and the alias she's been living under.Gloria
25%
This guy is just alright with me.Jesus
25%
This guy is meaner than a junkyard dog.Leeroy Brown
25%
This girl was struck down after running into her bedroom in an attempt to escape from an intruder in her apartment.Annie
25%
She's a runner, a rebel, and a stunner.Dani California
25%
This girl makes my motor run.Sharona
25%
This girl rings like a bell through the night. Wouldn't you love to love her?Rhiannon
25%
This girl would make a good wife, but my life, my love, and my lady is the sea.Brandy
25%
You all know this man. He is still the same OG, but he has been low key.Dr. Dre
25%
They said when this man was arrested, they found him underneath a train.Janie
13%
You and this guy killed the Kennedys.The Devil
13%

Score Distribution

Percentile by Number Answered

Percent of People with Each Score

Your Score History

You have not taken this quiz